Guess the singer by the song pop music - Statistics

General Stats
  • This quiz has been taken 1,982 times
  • The average score is 12 of 15
Answer Stats
Song Singer % Correct
Roar Katy Perry
97%
Hello Adele
94%
Baby Justin Bieber
94%
Bad Romance Lady Gaga
94%
Thriller Michael Jackson
88%
Blinding Lights The Weekend
85%
Treat you Better Shawn Mendes
79%
Just The Way you are Bruno mars
77%
one last time Ariana Grande
70%
Lover Taylor Swift
70%
Memories Maroon 5
69%
I will always love you Whitney Houston
68%
Attention Charlie Puth
67%
So What Pink
61%
Lose you to Love me Selena Gomez
58%
No matching quizzes found
Score Distribution
Percent of People with Each Score
Percentile by Number Answered
Your Score History
You have not taken this quiz